00340nam a2200121Ia 4500020001500000040000800015082002600023245002800049260006300077300003400140650002200174700002200196 a0021787530 cCGP a418 MAC 1993 A024 Or.00aGoodness gracious me! / aNew York :bMacmillan/McGraw-Hill School Pub. Co.,cc1993. a143 p. :bcol. ill. ;c29 cm. 0aReaders (Primary)1 aAoki, Elaine Mei.